E-Learning in selected science and technology courses in higher education institutions : case study of UPM, UNITAR, WOU /
Saved in:
| 主要作者: | |
|---|---|
| 格式: | Thesis 图书 |
| 语言: | English |
| 出版: |
2008.
|
| 主题: | |
| 标签: |
添加标签
没有标签, 成为第一个标记此记录!
|
| LEADER | 01088cam a2200265 a 4500 | ||
|---|---|---|---|
| 001 | u763943 | ||
| 003 | SIRSI | ||
| 005 | 200901071139 | ||
| 008 | 090107s2008 my t 000 0 eng | ||
| 040 | |a UMM | ||
| 043 | |a a-my--- | ||
| 090 | |a QA126.9 |b UM 2008 She | ||
| 100 | 0 | |a Sheiladevi Sukumaran. | |
| 245 | 1 | 0 | |a E-Learning in selected science and technology courses in higher education institutions : |b case study of UPM, UNITAR, WOU / |c Sheiladevi Sukumaran. |
| 260 | |c 2008. | ||
| 300 | |a 164 leaves : |b ill. ; |c 30 cm. | ||
| 502 | |a Dissertation (M.Sc.(Sc.Tech.Policy Stud.)) -- Jabatan Pengajian Sains & Teknologi, Universiti Malaya. | ||
| 504 | |a Bibliography: leaves 147-153. | ||
| 650 | 0 | |a Science |x Study and teaching (Higher) |z Malaysia |x Computer-assisted instruction. | |
| 650 | 0 | |a Internet in education |z Malaysia. | |
| 650 | 0 | |a World Wide Web. | |
| 710 | 2 | |a Universiti Malaya. |b Jabatan Pengajian Sains dan Teknologi. | |
| 900 | |a ZSA-ZA | ||
| 596 | |a 1 | ||
| 999 | |a QA126.9 UM 2008 SHE |w LC |c 1 |i A513451651 |d 19/11/2012 |e 19/11/2012 |f 8/10/2009 |g 1 |l STACKS |m P01UTAMA |n 6 |r Y |s Y |t TESIS |u 7/10/2009 | ||
